[Event "Stare Mesto OPEN"]
[Site "?"]
[Date "2004.08.13"]
[Round "1.1"]
[White "Lechtynsky, Jiri"]
[Black "Delmont, Jean-Robert"]
[Result "1-0"]
[WhiteElo "2480"]
[BlackElo "2038"]
[PlyCount "53"]
[EventDate "2004.??.??"]
[SourceDate "2004.08.14"]

1. d4 Nf6 2. Nf3 c5 3. e3 g6 4. c4 Bg7 5. Nc3 O-O 6. Be2 d6 7. O-O Bf5 8. Bd3
Bxd3 9. Qxd3 Nc6 10. d5 Ne5 11. Nxe5 dxe5 12. e4 Ne8 13. Be3 b6 14. a3 Nd6 15.
b4 f5 16. f3 cxb4 17. axb4 a5 18. bxa5 bxa5 19. c5 Ne8 20. Na4 Nf6 21. Nb6 Ra7
22. Kh1 Nh5 23. Qc4 Kh8 24. c6 fxe4 25. fxe4 Rxf1+ 26. Rxf1 Nf4 27. Na4 1-0

[Event "Stare Mesto OPEN"]
[Site "?"]
[Date "2004.08.15"]
[Round "1.2"]
[White "Marcin, Vladimir"]
[Black "Plachetka, Jan"]
[Result "0-1"]
[WhiteElo "2453"]
[BlackElo "2027"]
[PlyCount "58"]
[EventDate "2004.??.??"]
[SourceDate "2004.08.14"]

1. d4 Nf6 2. c4 c5 3. d5 b5 4. cxb5 a6 5. bxa6 g6 6. Nc3 Bxa6 7. g3 Bg7 8. Bg2
d6 9. Nf3 Nbd7 10. O-O Nb6 11. Re1 O-O 12. e4 Nfd7 13. Qc2 Nc4 14. b3 Qa5 15.
bxc4 Qxc3 16. Qxc3 Bxc3 17. Bh6 Rfb8 18. Bf1 Bxe1 19. Rxe1 f6 20. Bc1 Rb1 21.
Bd3 Ra1 22. a3 Rb8 23. Nd2 Ne5 24. Be2 Bxc4 25. Bxc4 Nxc4 26. Nxc4 Rbb1 27. Bd2
Rxe1+ 28. Bxe1 Rxe1+ 29. Kg2 Rxe4 0-1

[Event "Stare Mesto OPEN"]
[Site "?"]
[Date "2004.08.13"]
[Round "1.3"]
[White "Klima, Lukas"]
[Black "Vojacek, Zdenek"]
[Result "1-0"]
[WhiteElo "2432"]
[BlackElo "2025"]
[PlyCount "37"]
[EventDate "2004.??.??"]
[SourceDate "2004.08.14"]

1. e4 c5 2. Nf3 Nc6 3. Bb5 g6 4. O-O Bg7 5. Re1 e5 6. b4 Nd4 7. Nxd4 cxd4 8. c3
a6 9. Bc4 Ne7 10. cxd4 exd4 11. d3 O-O 12. Qf3 Nc6 13. Nd2 Ne5 14. Qg3 Nxc4 15.
Nxc4 Qe7 16. Bf4 Qe6 17. Bd6 Re8 18. Nb6 Ra7 19. Rec1 1-0

[Event "Stare Mesto OPEN"]
[Site "?"]
[Date "2004.08.15"]
[Round "1.4"]
[White "Krcal, Michal"]
[Black "Sosna, Jan"]
[Result "0-1"]
[WhiteElo "2025"]
[BlackElo "2422"]
[PlyCount "74"]
[EventDate "2004.??.??"]
[SourceDate "2004.08.14"]

1. e4 e5 2. Nf3 Nc6 3. Bb5 Nf6 4. O-O Bc5 5. c3 O-O 6. d4 Bb6 7. Bg5 d6 8. a4
a5 9. Re1 h6 10. Bh4 exd4 11. cxd4 Bg4 12. Bxc6 bxc6 13. Ra3 Re8 14. Nc3 Bxf3
15. gxf3 g5 16. Bg3 Nh5 17. Ne2 d5 18. Qd3 Qd7 19. e5 c5 20. f4 cxd4 21. fxg5
hxg5 22. Nxd4 Qg4 23. Nf5 Re6 24. Qxd5 Rae8 25. Rf3 Nf4 26. Qe4 Rxe5 27. Nh6+
Kg7 28. Nxg4 Rxe4 29. Rxe4 Rxe4 30. Bxf4 gxf4 31. Rh3 f5 32. Nh6 Kg6 33. Kg2
Re2 34. Kf1 Rxf2+ 35. Ke1 Rxb2 36. Ng8 Kg5 37. Rh7 f3 0-1

[Event "Stare Mesto OPEN"]
[Site "?"]
[Date "2004.08.13"]
[Round "1.5"]
[White "Hausner, Ivan"]
[Black "Rafaja, Marek"]
[Result "1-0"]
[WhiteElo "2419"]
[BlackElo "2006"]
[PlyCount "93"]
[EventDate "2004.??.??"]
[SourceDate "2004.08.14"]

1. c4 Nf6 2. Nc3 b6 3. e4 e5 4. Nf3 Nc6 5. d4 exd4 6. Nxd4 Nxd4 7. Qxd4 Bc5 8.
Qe5+ Qe7 9. Qxe7+ Bxe7 10. e5 Ng8 11. Nd5 Bd8 12. Be2 Ne7 13. O-O Bb7 14. Bf3
Nxd5 15. cxd5 Be7 16. Bf4 g5 17. Be3 h5 18. Rac1 Rc8 19. Rfd1 d6 20. Bd4 Rh6
21. Be4 Bd8 22. exd6 Rxd6 23. Be5 Be7 24. Bxd6 Bxd6 25. Bc2 Bf4 26. Ba4+ Kf8
27. Rc2 Rd8 28. Bc6 Bc8 29. Re2 Bd7 30. Bxd7 Rxd7 31. g3 Bd6 32. Re4 Re7 33.
Rxe7 Kxe7 34. Kg2 Kf6 35. Re1 a5 36. b3 Kf5 37. Re8 Be5 38. h3 Ke4 39. h4 f6
40. Rh8 gxh4 41. gxh4 Kxd5 42. Rxh5 Ke4 43. Rh7 a4 44. bxa4 c5 45. Rb7 c4 46.
Rxb6 c3 47. Rc6 1-0

[Event "Stare Mesto OPEN"]
[Site "?"]
[Date "2004.08.13"]
[Round "1.6"]
[White "Skapikova, Kubica"]
[Black "Maryasin, Boris"]
[Result "1/2-1/2"]
[WhiteElo "2005"]
[BlackElo "2394"]
[PlyCount "90"]
[EventDate "2004.??.??"]
[SourceDate "2004.08.14"]

1. e4 c5 2. Nf3 Nc6 3. d4 cxd4 4. Nxd4 Qb6 5. Nb3 Nf6 6. Nc3 e6 7. Be3 Qc7 8.
Qd2 a6 9. O-O-O d6 10. Be2 b5 11. a3 Rb8 12. Nd4 Ne5 13. f4 Nc4 14. Bxc4 Qxc4
15. Qd3 Qxd3 16. cxd3 Bb7 17. h3 g6 18. Rhg1 Bg7 19. g4 Nd7 20. Nde2 O-O 21. d4
Rfc8 22. Kb1 a5 23. d5 b4 24. axb4 axb4 25. Nb5 Bf8 26. Ng3 exd5 27. exd5 Nf6
28. Rc1 Ba6 29. Na7 Bd3+ 30. Ka2 b3+ 31. Ka3 Re8 32. Bd4 Nxd5 33. f5 Bc2 34.
Rge1 Rxe1 35. Rxe1 Nc7 36. Nc6 Ra8+ 37. Na7 d5+ 38. Ka4 Bd6 39. Re3 f6 40. Ka5
Kf7 41. Ne2 gxf5 42. gxf5 Re8 43. Nb5 Nxb5 44. Kxb5 Rxe3 45. Bxe3 Bxf5 1/2-1/2

[Event "Stare Mesto OPEN"]
[Site "?"]
[Date "2004.08.13"]
[Round "1.7"]
[White "Bazant, Petr jr"]
[Black "Krawczyk, Andrzej"]
[Result "1-0"]
[WhiteElo "2384"]
[BlackElo "2002"]
[PlyCount "59"]
[EventDate "2004.??.??"]
[SourceDate "2004.08.14"]

1. e4 e6 2. d4 d5 3. Nd2 Nf6 4. e5 Nfd7 5. Bd3 c5 6. c3 Nc6 7. Ne2 Qb6 8. Nf3
cxd4 9. cxd4 Be7 10. O-O O-O 11. Nc3 a6 12. a3 Kh8 13. Be3 f6 14. exf6 Nxf6 15.
b4 Bd7 16. Na4 Qc7 17. Rc1 Rae8 18. Ne5 Qb8 19. f4 Nxe5 20. dxe5 Bxa4 21. Qxa4
Ng4 22. Bd4 Rc8 23. Qd7 Rfe8 24. Qxe6 Bc5 25. Qxg4 Bxd4+ 26. Kh1 Rc6 27. Rxc6
bxc6 28. Qf5 g6 29. Qf6+ Kg8 30. Bxg6 1-0

[Event "Stare Mesto OPEN"]
[Site "?"]
[Date "2004.08.13"]
[Round "1.8"]
[White "Partys, Petr"]
[Black "Vesselovsky, Serguei"]
[Result "0-1"]
[WhiteElo "1996"]
[BlackElo "2383"]
[PlyCount "36"]
[EventDate "2004.??.??"]
[SourceDate "2004.08.14"]

1. e4 c5 2. c3 Nf6 3. e5 Nd5 4. d4 cxd4 5. Nf3 d6 6. exd6 Nc6 7. cxd4 Qxd6 8.
Nc3 g6 9. Qb3 Nxc3 10. bxc3 Bg7 11. d5 Na5 12. Qa4+ Bd7 13. Qxa5 b6 14. Qa6
Bxc3+ 15. Bd2 Bxa1 16. Bb5 Qxd5 17. Bxd7+ Qxd7 18. O-O Bg7 0-1

[Event "Stare Mesto OPEN"]
[Site "?"]
[Date "2004.08.13"]
[Round "1.9"]
[White "Kireev, Alexei"]
[Black "Brandi, Flaviano"]
[Result "1-0"]
[WhiteElo "2358"]
[BlackElo "1995"]
[PlyCount "89"]
[EventDate "2004.??.??"]
[SourceDate "2004.08.14"]

1. g3 g6 2. Bg2 Bg7 3. e4 c5 4. d3 d6 5. Nh3 e6 6. f4 Ne7 7. O-O O-O 8. a4 Nbc6
9. c3 a6 10. Na3 Rb8 11. Be3 b5 12. axb5 axb5 13. Nc2 b4 14. Bd2 bxc3 15. bxc3
Qc7 16. Ne3 d5 17. f5 exf5 18. Nxd5 Qd8 19. Nhf4 fxe4 20. dxe4 Nxd5 21. Nxd5
Be6 22. Be3 Rb5 23. Qe2 Ra5 24. Rxa5 Qxa5 25. Qc4 Bxd5 26. exd5 Ne5 27. Qxc5
Qxc5 28. Bxc5 Rc8 29. Bd4 Nd3 30. Bxg7 Kxg7 31. Rd1 Nb2 32. Rd4 Rc4 33. Rd2 Na4
34. d6 Rc8 35. d7 Rd8 36. Bc6 Nc5 37. c4 Ne6 38. Kf2 Kf8 39. Ke3 Ke7 40. Rd5
Nc7 41. Re5+ Kd6 42. Re8 Ne6 43. Bb5 h5 44. h4 Kc7 45. Re7 1-0

[Event "Stare Mesto OPEN"]
[Site "?"]
[Date "2004.08.13"]
[Round "1.10"]
[White "Wrzesinski, Bartosz"]
[Black "Zpevak, Pavel"]
[Result "0-1"]
[WhiteElo "1984"]
[BlackElo "2355"]
[PlyCount "58"]
[EventDate "2004.??.??"]
[SourceDate "2004.08.14"]

1. Nf3 Nf6 2. c4 e6 3. b3 d5 4. Bb2 Be7 5. g3 O-O 6. Bg2 c5 7. cxd5 exd5 8. d4
Nc6 9. O-O Re8 10. Na3 b6 11. Nc2 h6 12. Ne3 Be6 13. Rc1 Ne4 14. Ne5 Nxe5 15.
dxe5 f5 16. exf6 Bxf6 17. Bxf6 Nxf6 18. Qd3 Qd7 19. Rfd1 Rad8 20. Rd2 d4 21.
Rcd1 Qc8 22. Nf1 Bf5 23. Qc4+ Kh8 24. e3 Ne4 25. Bxe4 Bxe4 26. exd4 Bf3 27. Rc1
Qh3 28. Ne3 cxd4 29. Qf7 dxe3 0-1

[Event "Stare Mesto OPEN"]
[Site "?"]
[Date "2004.08.13"]
[Round "1.11"]
[White "Mudrak, Josef"]
[Black "Kociscak, Jiri"]
[Result "1-0"]
[WhiteElo "2353"]
[BlackElo "1977"]
[PlyCount "49"]
[EventDate "2004.??.??"]
[SourceDate "2004.08.14"]

1. e4 c5 2. Nf3 Nc6 3. Bc4 e6 4. Qe2 Be7 5. Nc3 d6 6. O-O Nf6 7. d3 d5 8. Bb3
O-O 9. Bg5 Re8 10. Rae1 d4 11. Nb1 b5 12. Nbd2 Bb7 13. e5 Nd7 14. Ne4 Bxg5 15.
Nfxg5 Ncxe5 16. f4 Ng6 17. Nxf7 Qc7 18. Nfd6 Re7 19. Nxb7 Qxb7 20. f5 Ngf8 21.
fxe6 Nb6 22. Nxc5 Qc6 23. Nd7 a5 24. Rf7 Qd6 25. Nxb6 1-0

[Event "Stare Mesto OPEN"]
[Site "?"]
[Date "2004.08.13"]
[Round "1.12"]
[White "Bukowska, Katarzyna"]
[Black "Dochev, Dimitar"]
[Result "0-1"]
[WhiteElo "1968"]
[BlackElo "2353"]
[PlyCount "116"]
[EventDate "2004.??.??"]
[SourceDate "2004.08.14"]

1. e4 c5 2. Nf3 Nc6 3. d4 cxd4 4. Nxd4 Nf6 5. Nc3 e5 6. Ndb5 d6 7. Bg5 a6 8.
Na3 b5 9. Nd5 Be7 10. Bxf6 Bxf6 11. c3 Bb7 12. Nc2 Nb8 13. a4 bxa4 14. Rxa4 Nd7
15. b4 Nb6 16. Ra3 Nxd5 17. exd5 O-O 18. Be2 e4 19. O-O a5 20. b5 Qb6 21. Ne3
Qc5 22. Qb3 Bg5 23. c4 f5 24. Qa2 Bd8 25. Nd1 Qa7 26. Nc3 Bf6 27. Na4 Bd4 28.
b6 Bxb6 29. Nxb6 Qxb6 30. Rb1 Qc7 31. Rb5 a4 32. Rb4 Bc8 33. Rbxa4 Rxa4 34.
Rxa4 Qb6 35. Ra7 Rf7 36. Rxf7 Kxf7 37. Qa1 Kg6 38. h4 h6 39. h5+ Kf7 40. Qa2
Bd7 41. Qa3 f4 42. Qc1 e3 43. fxe3 Qxe3+ 44. Qxe3 fxe3 45. Kh2 Kf6 46. Kg3 Ke5
47. Kf3 Kd4 48. Kf4 Bc8 49. c5 dxc5 50. d6 Kd5 51. Kxe3 Kxd6 52. Kf4 Ke7 53.
Ke5 Be6 54. g4 c4 55. Kf4 Kf6 56. Bd1 Bd5 57. Be2 Bg8 58. Bf1 c3 0-1

[Event "Stare Mesto OPEN"]
[Site "?"]
[Date "2004.08.13"]
[Round "1.13"]
[White "Karlik, Vladimir"]
[Black "Czyrson, Krystian"]
[Result "1-0"]
[WhiteElo "2348"]
[BlackElo "1963"]
[PlyCount "35"]
[EventDate "2004.??.??"]
[SourceDate "2004.08.14"]

1. d4 Nf6 2. Nf3 e6 3. Bg5 d5 4. Nbd2 Be7 5. e3 Nbd7 6. Bd3 O-O 7. c3 h6 8. Bf4
c5 9. h3 Qb6 10. Rb1 Bd6 11. Ne5 Ne8 12. Qg4 Ndf6 13. Qf3 Bd7 14. g4 cxd4 15.
exd4 Bb5 16. Bc2 Nd7 17. a4 Ba6 18. Nxd7 1-0

[Event "Stare Mesto OPEN"]
[Site "?"]
[Date "2004.08.13"]
[Round "2.14"]
[White "Tretina, Zdenek"]
[Black "Katorik, Marian"]
[Result "0-1"]
[WhiteElo "1935"]
[BlackElo "2331"]
[PlyCount "26"]
[EventDate "2004.??.??"]
[SourceDate "2004.08.14"]

1. d4 d5 2. c4 c6 3. cxd5 cxd5 4. Nf3 Nf6 5. Nc3 Nc6 6. Bg5 Ne4 7. Bh4 Qa5 8.
Qc1 e5 9. e3 exd4 10. Nxd4 Nxd4 11. exd4 Bb4 12. Qe3 O-O 13. Be2 Nxc3 0-1

[Event "Stare Mesto OPEN"]
[Site "?"]
[Date "2004.08.13"]
[Round "1.15"]
[White "Kotan, Ladislav"]
[Black "Duboisson, Thomas"]
[Result "1-0"]
[WhiteElo "2325"]
[BlackElo "1919"]
[PlyCount "107"]
[EventDate "2004.??.??"]
[SourceDate "2004.08.14"]

1. e4 e6 2. d4 d5 3. Nd2 Nf6 4. e5 Nfd7 5. Bd3 c5 6. c3 Nc6 7. Ne2 cxd4 8. cxd4
f6 9. exf6 Nxf6 10. Nf3 Bd6 11. O-O O-O 12. Bg5 Qc7 13. Nc3 a6 14. Bh4 Bd7 15.
Rc1 Rad8 16. Re1 Qb8 17. Bg3 Bxg3 18. hxg3 Rde8 19. Ne5 Re7 20. Bb1 Qa7 21.
Nxc6 Bxc6 22. Qd3 g6 23. Re2 e5 24. a3 e4 25. Qd2 Ref7 26. Ba2 Qb8 27. Qg5 Qd6
28. Rce1 Kg7 29. Qe5 Rd7 30. f3 Re8 31. Qxd6 Rxd6 32. b4 Rc8 33. Re3 Rd7 34.
fxe4 dxe4 35. Be6 Rcd8 36. Bxd7 Rxd7 37. Rd1 Ng4 38. Re2 Nf6 39. a4 Nd5 40.
Nxe4 Nxb4 41. Nc5 Rf7 42. Ne6+ Kg8 43. Nd8 Bxa4 44. Rb1 Bb5 45. Rxb4 Bxe2 46.
Nxf7 Kxf7 47. Rxb7+ Ke6 48. Rxh7 Bb5 49. Kf2 Kd5 50. Ke3 a5 51. Rc7 Bc6 52. Ra7
a4 53. Ra5+ Kc4 54. Rc5+ 1-0

[Event "Stare Mesto OPEN"]
[Site "?"]
[Date "2004.08.13"]
[Round "1.16"]
[White "Badacova, Irena"]
[Black "Rachela, Milan"]
[Result "0-1"]
[WhiteElo "1912"]
[BlackElo "2308"]
[PlyCount "52"]
[EventDate "2004.??.??"]
[SourceDate "2004.08.14"]

1. e4 c5 2. Nc3 e6 3. g3 d5 4. d3 Nc6 5. Bg2 Nf6 6. Nh3 dxe4 7. Nxe4 Nxe4 8.
Bxe4 Bd7 9. Be3 Be7 10. f4 Qc7 11. O-O Nb4 12. f5 exf5 13. Bxf5 Bxf5 14. Rxf5
Qd7 15. g4 Nd5 16. Bd2 g6 17. Re5 O-O-O 18. Qf3 f5 19. Nf2 Bf6 20. Re2 Bxb2 21.
Rae1 fxg4 22. Nxg4 Rhf8 23. Qg3 Bd4+ 24. Kg2 Qc6 25. Re4 h5 26. Ne3 Nf6 0-1

[Event "Stare Mesto OPEN"]
[Site "?"]
[Date "2004.08.13"]
[Round "1.17"]
[White "Rat, Dan Ovidiu"]
[Black "Rolny, Jozef"]
[Result "1-0"]
[WhiteElo "2306"]
[BlackElo "1909"]
[PlyCount "69"]
[EventDate "2004.??.??"]
[SourceDate "2004.08.14"]

1. d4 d5 2. c4 c6 3. Nf3 Nf6 4. Nc3 Bf5 5. cxd5 Nxd5 6. Nd2 e6 7. Qb3 Qb6 8. e4
Nxc3 9. exf5 Nd5 10. fxe6 fxe6 11. Bc4 Bd6 12. O-O O-O 13. Ne4 Bf4 14. Nc5 Rf6
15. Bxf4 Qxb3 16. Bxb3 Nxf4 17. Rfe1 b6 18. Nxe6 Nxe6 19. Bxe6+ Kf8 20. Bc8 a6
21. Re4 Ra7 22. Rae1 g6 23. f3 Rd6 24. Re8+ Kg7 25. R8e7+ Rxe7 26. Rxe7+ Kf6
27. Rb7 Rxd4 28. Rxb6 Nd7 29. Rxc6+ Ke7 30. Rc7 Ke8 31. Rxd7 Rxd7 32. Bxd7+
Kxd7 33. Kf2 Kd6 34. Ke3 g5 35. Kd4 1-0

[Event "Stare Mesto OPEN"]
[Site "?"]
[Date "2004.08.13"]
[Round "1.18"]
[White "Valickova, Petra"]
[Black "Vyskocil, Neklan"]
[Result "0-1"]
[WhiteElo "1900"]
[BlackElo "2305"]
[PlyCount "96"]
[EventDate "2004.??.??"]
[SourceDate "2004.08.14"]

1. e4 c5 2. Nf3 e6 3. d4 cxd4 4. Nxd4 a6 5. Nc3 b5 6. Be3 Bb7 7. f3 Qc7 8. Qd2
Nc6 9. O-O-O Nf6 10. g4 d6 11. g5 Nd7 12. h4 Nde5 13. Qf2 Rc8 14. Rh2 Nxd4 15.
Bxd4 Bc6 16. a3 Qb7 17. Bxe5 dxe5 18. Qg3 Qc7 19. h5 Bc5 20. g6 Be3+ 21. Kb1
Bf4 22. gxf7+ Qxf7 23. Qh3 Bxh2 24. Qxh2 Qf4 25. Qh3 Ke7 26. Qg2 Qf6 27. Bd3
Rhf8 28. Rg1 Rf7 29. Rf1 Kf8 30. Ne2 Kg8 31. Qg4 Bd7 32. c3 Rcf8 33. Bc2 Qh6
34. Rd1 Qe3 35. Ng1 Qc5 36. Bb3 Qe7 37. Ka2 Bc8 38. Qg3 Qc5 39. Qg4 Qe7 40. Qg3
Qc5 41. Qg5 h6 42. Qg4 Rf6 43. Nh3 Rxf3 44. Bxe6+ Bxe6+ 45. Qxe6+ Kh8 46. Ng1
R8f6 47. Qg4 Qc4+ 48. Ka1 Rf1 0-1

[Event "Stare Mesto OPEN"]
[Site "?"]
[Date "2004.08.13"]
[Round "1.19"]
[White "Weglarz, Leszek"]
[Black "Uherek, Michal"]
[Result "1-0"]
[WhiteElo "2305"]
[BlackElo "1897"]
[PlyCount "45"]
[EventDate "2004.??.??"]
[SourceDate "2004.08.14"]

1. d4 d5 2. c4 e6 3. Nc3 c6 4. e3 f5 5. f4 Nf6 6. Nf3 Bd6 7. Be2 O-O 8. O-O b6
9. Bd2 Bb7 10. cxd5 exd5 11. Ne5 Qe7 12. Be1 Ne4 13. g4 g6 14. gxf5 gxf5 15.
Kh1 Kh8 16. Rg1 Nd7 17. Nxe4 dxe4 18. Bc4 b5 19. Bb3 Rad8 20. Qh5 Bxe5 21. fxe5
Rc8 22. Bh4 Qe8 23. Qh6 1-0

[Event "Stare Mesto OPEN"]
[Site "?"]
[Date "2004.08.13"]
[Round "1.20"]
[White "Diviak, Rastislav"]
[Black "Jurkiewicz, Krzystof"]
[Result "0-1"]
[WhiteElo "1892"]
[BlackElo "2290"]
[PlyCount "88"]
[EventDate "2004.??.??"]
[SourceDate "2004.08.14"]

1. e4 d5 2. exd5 Qxd5 3. Nc3 Qa5 4. d4 Nf6 5. Nf3 Bf5 6. Bd3 Bg6 7. O-O c6 8.
Qe2 e6 9. Bf4 Nh5 10. Bd2 Nd7 11. Rfe1 Bb4 12. a3 Bxc3 13. Bxc3 Qc7 14. Bd2 Nf4
15. Bxf4 Qxf4 16. Rad1 Bh5 17. Qe3 Qxe3 18. Rxe3 Nf6 19. Be2 Nd5 20. Rb3 O-O-O
21. Rd2 Nf4 22. Bd1 f6 23. c4 e5 24. g3 Ne6 25. d5 Bxf3 26. Bxf3 Nd4 27. Rbd3
Nxf3+ 28. Rxf3 cxd5 29. cxd5 Kd7 30. Rb3 b6 31. Rb4 f5 32. f3 Kd6 33. g4 g6 34.
gxf5 gxf5 35. Rh4 h5 36. Kf2 f4 37. Ke2 Rc8 38. Ke1 Rc1+ 39. Ke2 Rc5 40. Ke1
Rxd5 41. Rg2 Rd3 42. Rg6+ Kd5 43. Ke2 Re3+ 44. Kf2 Rb3 0-1

[Event "Stare Mesto OPEN"]
[Site "?"]
[Date "2004.08.13"]
[Round "1.21"]
[White "Jurcik, Marian"]
[Black "Jurkiewicz, Joanna"]
[Result "1-0"]
[WhiteElo "2278"]
[BlackElo "1877"]
[PlyCount "61"]
[EventDate "2004.??.??"]
[SourceDate "2004.08.14"]

1. e4 c5 2. Nf3 e6 3. d4 cxd4 4. Nxd4 Nc6 5. Nb5 Nf6 6. N1c3 d6 7. Bf4 e5 8.
Bg5 a6 9. Na3 Be6 10. Nc4 b5 11. Bxf6 gxf6 12. Ne3 Rc8 13. Ncd5 Bh6 14. c3 Bxe3
15. Nxe3 Ne7 16. a4 Qb6 17. axb5 axb5 18. Qf3 Kd7 19. Bd3 Ng6 20. g3 Ke7 21.
O-O h5 22. Ra3 h4 23. Rfa1 Rc7 24. Ra5 Qb8 25. Nf5+ Bxf5 26. exf5 hxg3 27. hxg3
Nf8 28. Rxb5 Qd8 29. Ra8 Rc8 30. Ra7+ Rc7 31. Rxc7+ 1-0

[Event "Stare Mesto OPEN"]
[Site "?"]
[Date "2004.08.13"]
[Round "1.22"]
[White "Karlik, Lukas"]
[Black "Vrana, Frantisek"]
[Result "0-1"]
[WhiteElo "1855"]
[BlackElo "2275"]
[PlyCount "56"]
[EventDate "2004.??.??"]
[SourceDate "2004.08.14"]

1. d4 b6 2. c4 e6 3. Nf3 Nf6 4. g3 Bb7 5. Bg2 Bb4+ 6. Bd2 Qe7 7. O-O O-O 8. a3
Bxd2 9. Nfxd2 Bxg2 10. Kxg2 c5 11. e4 cxd4 12. e5 Ne8 13. Nf3 Nc6 14. Re1 d6
15. Nbd2 dxe5 16. Nxe5 Nxe5 17. Rxe5 f6 18. Re4 e5 19. Qb3 Rf7 20. Rae1 Qb7 21.
Kg1 Nd6 22. R4e2 Re8 23. Ne4 Qc6 24. f4 Nxc4 25. fxe5 Nxe5 26. Ng5 fxg5 27.
Rxe5 Rxe5 28. Rxe5 Qc1+ 0-1

[Event "Stare Mesto OPEN"]
[Site "?"]
[Date "2004.08.14"]
[Round "2.1"]
[White "Vavruska, Antonin"]
[Black "Lechtynsky, Jiri"]
[Result "0-1"]
[WhiteElo "2169"]
[BlackElo "2480"]
[PlyCount "52"]
[EventDate "2004.08.14"]
[SourceDate "2004.08.14"]

1. d4 d5 2. Nc3 c6 3. f3 Nf6 4. e4 dxe4 5. fxe4 e5 6. Nf3 exd4 7. e5 dxc3 8.
Qxd8+ Kxd8 9. exf6 Bb4 10. Kf2 gxf6 11. bxc3 Bxc3 12. Rb1 Nd7 13. Bc4 Ne5 14.
Rd1+ Ke8 15. Be2 Rg8 16. h3 Ba5 17. Nd4 Bb6 18. Kf1 Rg3 19. a4 Rb8 20. Bf4 Ra3
21. Nf3 Bf5 22. Nxe5 fxe5 23. Bxe5 Rd8 24. Re1 Rxh3 25. Bd1 Rh1+ 26. Ke2 Bg4#
0-1

[Event "Stare Mesto OPEN"]
[Site "?"]
[Date "2004.08.14"]
[Round "2.2"]
[White "Plachetka, Jan"]
[Black "Weissmann, Lukas"]
[Result "1-0"]
[WhiteElo "2480"]
[BlackElo "2172"]
[PlyCount "75"]
[EventDate "2004.??.??"]
[SourceDate "2004.08.14"]

1. e4 c5 2. Nf3 Nc6 3. Bb5 e6 4. Bxc6 bxc6 5. O-O Ne7 6. d3 Ng6 7. Nbd2 Be7 8.
e5 f6 9. exf6 gxf6 10. Re1 Qc7 11. Ne4 d5 12. Ng3 e5 13. Bh6 Bg4 14. h3 Be6 15.
Nh5 O-O-O 16. Kh1 Bf8 17. Qd2 Bxh6 18. Qxh6 Rdf8 19. a3 Qf7 20. b4 c4 21. dxc4
dxc4 22. Nd2 Bd5 23. Ne4 Bxe4 24. Rxe4 f5 25. Ree1 Rd8 26. a4 Rd7 27. b5 c5 28.
a5 Rhd8 29. b6 a6 30. Ng3 Rd2 31. Qe3 Qd5 32. Nxf5 Rf8 33. Qg5 Qd7 34. Ne3
Rfxf2 35. Rf1 Qd4 36. Rxf2 Qxa1+ 37. Rf1 Qd4 38. Rf7 1-0

[Event "Stare Mesto OPEN"]
[Site "?"]
[Date "2004.08.14"]
[Round "2.3"]
[White "Hecko, Dusan"]
[Black "Klima, Lukas"]
[Result "0-1"]
[WhiteElo "2152"]
[BlackElo "2435"]
[PlyCount "80"]
[EventDate "2004.??.??"]
[SourceDate "2004.08.14"]

1. e4 d5 2. exd5 Qxd5 3. Nc3 Qd6 4. Nf3 Nf6 5. Be2 a6 6. O-O Nc6 7. b3 Bg4 8.
Bb2 e6 9. d3 O-O-O 10. Ng5 Bxe2 11. Qxe2 Nd4 12. Qd1 Rd7 13. Nce4 Nxe4 14. Nxe4
Qc6 15. c3 Nf5 16. Qf3 Be7 17. Rfd1 Rhd8 18. g3 g6 19. a4 Qd5 20. b4 e5 21. Qe2
Qe6 22. b5 a5 23. Ba3 Bxa3 24. Rxa3 b6 25. f3 Nd6 26. Nf2 Nb7 27. Re1 f6 28. c4
Qe7 29. Rc3 Nc5 30. Qc2 Qd6 31. Kg2 f5 32. Re3 Qd4 33. Re2 Nxa4 34. Qxa4 Qxc3
35. Rc2 Qb4 36. Qxb4 axb4 37. Rb2 Rxd3 38. Nxd3 Rxd3 39. Rxb4 Rd2+ 40. Kh3 Kd7
0-1

[Event "Stare Mesto OPEN"]
[Site "?"]
[Date "2004.08.14"]
[Round "2.4"]
[White "Sosna, Jan"]
[Black "Holusova, Tana"]
[Result "0-1"]
[WhiteElo "2422"]
[BlackElo "2153"]
[PlyCount "110"]
[EventDate "2004.??.??"]
[SourceDate "2004.08.14"]

1. d4 Nf6 2. Nf3 b6 3. Bg5 Bb7 4. Nbd2 e6 5. e4 h6 6. Bxf6 Qxf6 7. Bd3 d6 8.
O-O Nd7 9. Qe2 g5 10. c3 Qg7 11. Ba6 Bxa6 12. Qxa6 g4 13. Ne1 Rd8 14. Qxa7 c5
15. Nc2 h5 16. Qa6 Be7 17. f4 O-O 18. Qe2 cxd4 19. Nxd4 Bf6 20. Nb5 Nc5 21.
Rad1 Na4 22. Nb3 Be7 23. Rd2 Qh6 24. g3 e5 25. Nc7 exf4 26. Nd5 Bg5 27. gxf4
Bh4 28. Rd4 Nc5 29. Nxb6 Ne6 30. Rd5 Nxf4 31. Qd2 Nh3+ 32. Kg2 Qg6 33. Rdf5 Ng5
34. Qd3 Rfe8 35. Nd5 Nxe4 36. Rxf7 Qxf7 37. Rxf7 Kxf7 38. Nd4 Rb8 39. b3 Ra8
40. a4 Rac8 41. c4 Re5 42. a5 Kg7 43. Nf4 Rce8 44. a6 Kh6 45. Nde6 Bf2 46. b4
h4 47. h3 Rg8 48. Kf1 gxh3 49. Nxh3 Rxe6 50. Qd5 Ng3+ 51. Kxf2 Rf8+ 52. Kg2
Re2+ 53. Nf2 Rfxf2+ 54. Kh3 Nf5 55. Qa8 Re3+ 0-1

[Event "Stare Mesto OPEN"]
[Site "?"]
[Date "2004.08.14"]
[Round "2.6"]
[White "Maryasin, Boris"]
[Black "Kempinski, Tomasz"]
[Result "1-0"]
[WhiteElo "2394"]
[BlackElo "2151"]
[PlyCount "47"]
[EventDate "2004.??.??"]
[SourceDate "2004.08.14"]

1. e4 c5 2. Nf3 Nc6 3. Bb5 Nd4 4. Nxd4 cxd4 5. O-O Qc7 6. c3 e5 7. cxd4 exd4 8.
d3 Nf6 9. e5 Nd5 10. Re1 Bb4 11. Bd2 O-O 12. Qf3 Bxd2 13. Nxd2 Nb4 14. Ba4 Qa5
15. Bb3 Nc2 16. Bxc2 Qxd2 17. Re2 Qb4 18. Bb3 a5 19. Rc1 d6 20. Rc7 Kh8 21.
Rxf7 Rxf7 22. Qxf7 Bg4 23. f3 a4 24. exd6 1-0

[Event "Stare Mesto OPEN"]
[Site "?"]
[Date "2004.08.14"]
[Round "2.7"]
[White "Kapusta, Petr"]
[Black "Bazant, Petr jr"]
[Result "0-1"]
[WhiteElo "2132"]
[BlackElo "2384"]
[PlyCount "78"]
[EventDate "2004.??.??"]
[SourceDate "2004.08.14"]

1. e4 c6 2. d4 d5 3. Nc3 dxe4 4. Nxe4 Bf5 5. Ng3 Bg6 6. f4 e6 7. Nf3 Nd7 8. Bc4
Nh6 9. O-O Be7 10. c3 O-O 11. Ne5 Qc7 12. Qe2 Nf6 13. f5 Nxf5 14. Nxf5 exf5 15.
Bf4 Bd6 16. Rae1 c5 17. Bb3 Rad8 18. Bg5 Rde8 19. Qf3 Bxe5 20. dxe5 Ne4 21. Bf4
c4 22. Ba4 b5 23. Bc2 b4 24. g4 fxg4 25. Qxg4 Qc5+ 26. Be3 Qxe5 27. Bd4 Qd5 28.
Rf4 bxc3 29. Rexe4 Rxe4 30. Rxe4 cxb2 31. Bxb2 f5 32. Qg5 Qb7 33. Rxc4 Qxb2 34.
Bb3 Bf7 35. Rc7 Bxb3 36. axb3 Qd4+ 37. Kg2 f4 38. Kf3 Qe3+ 39. Kg4 Qg1+ 0-1

[Event "Stare Mesto OPEN"]
[Site "?"]
[Date "2004.08.14"]
[Round "2.8"]
[White "Vesselovsky, Serguei"]
[Black "Stehlik, Jiri"]
[Result "1-0"]
[WhiteElo "2383"]
[BlackElo "2151"]
[PlyCount "97"]
[EventDate "2004.??.??"]
[SourceDate "2004.08.14"]

1. e4 c5 2. Nf3 g6 3. c3 Bg7 4. d4 cxd4 5. cxd4 d5 6. e5 Nc6 7. Bb5 Bg4 8.
Bxc6+ bxc6 9. Nbd2 f6 10. Qa4 Qb6 11. O-O Nh6 12. exf6 exf6 13. Re1+ Kf7 14. h3
Bxf3 15. Nxf3 Rhe8 16. Bf4 Rxe1+ 17. Rxe1 Bf8 18. Re3 a5 19. g4 g5 20. Rb3 Qd8
21. Rb7+ Kg8 22. Qc2 Bg7 23. Bg3 Qe8 24. Rc7 Rc8 25. Ra7 Ra8 26. Rc7 Rc8 27.
Ra7 Ra8 28. Rb7 Rc8 29. Kg2 Qe4 30. Qxe4 dxe4 31. Nd2 f5 32. Be5 Bxe5 33. dxe5
Re8 34. gxf5 Rxe5 35. f6 Nf5 36. Nc4 Rc5 37. b3 a4 38. Nb6 Nd6 39. Rg7+ Kh8 40.
Rd7 h5 41. Rxd6 axb3 42. axb3 Kg8 43. Rd7 Rf5 44. Rg7+ Kf8 45. Nd7+ Ke8 46.
Re7+ Kd8 47. Re5 Rf4 48. Nc5 Rxf6 49. Nxe4 1-0